Sähkömagneettinen spektri - Statistics

Yleistilastot
  • Tätä visaa on pelattu 331 kertaa
  • Keskiarvotulos 5 / 7
Vastaustilastot
Tyypillinen aallonpituus Säteily % Oikein
10-8 m Ultravioletti
78%
10-12 m Gamma
72%
5 * 10-7 m Näkyvä valo
71%
10-10 m Röntgen
68%
103 m Radioaallot
65%
10-5 m Infrapuna
64%
10-2 m Mikroaallot
56%
Ehtoja vastaavia visoja ei löytynyt
Tulosjakauma
Jokaisen tuloksen saaneiden osuus
Persentiili vastausten määrän mukaan
Tuloshistoriasi
Et ole pelannut tätä visaa